000 00366nam a2200157Ia 4500
003 0STCL
008 150530s9999 xx 000 0 und d
040 _aSTCL
_cSTCL
100 _aJain; Gupta
245 _aNational Defence Academy & Naval Academy Examination
260 _c1994
546 _aEnglish
942 _2ddc
_cBK
999 _c239
_d239
005 20220125160153.0